| 000 | 01480nam0a2200325 i 4500 | ||
|---|---|---|---|
| 001 | RU\NLR\BIBL_A\010699896 | ||
| 005 | 20260405134740.0 | ||
| 010 |
_a9785967510301 _9500 |
||
| 021 |
_aRU _b2015-4811 _9296 |
||
| 035 | _a(NILC)RuMoRGB-007859429 | ||
| 035 | _a(NLR Aleph) 010699896 | ||
| 090 |
_a9718189 _c9718189 |
||
| 100 | _a20150316d2014 m y0rusy50 ca | ||
| 101 | 0 | _arus | |
| 102 | _aRU | ||
| 105 | _ay z 000yy | ||
| 200 | 1 |
_aРастениеводство _eучебное пособие _fМ. В. Лукьянченко, А. А. Зайцев _gМ-во сел. хоз-ва Рос. Федерации, Рос. гос. аграрный ун-т - МСХА им. К. А. Тимирязева |
|
| 210 |
_aМосква _cИзд-во РГАУ-МСХА _d2014 |
||
| 215 |
_a117 с. _cтабл. _d20 |
||
| 320 | _aБиблиогр.: с. 117 | ||
| 606 |
_aРастениеводство _jУчебные издания для высших учебных заведений _9935213 _3RU\NLR\AUTH\6626506 |
||
| 686 | 1 | _aП1я73 | |
| 700 | 1 |
_aЛукьянченко _bМ. В. _gМария Викторовна |
|
| 701 | 1 |
_8rus _7ca _aЗайцев _bА. А. _cд-р техн. наук, механизация сельского хозяйства _gАлексей Анатольевич _3RU\NLR\AUTH\7755220 _938152 |
|
| 801 | 0 |
_aRU _bРГБ _c20150203 _gRCR |
|
| 801 | 1 |
_aRU _bРГБ _c20150203 _2rusmarc |
|
| 942 | _cBOOK | ||
| 980 | _aNBR | ||